000 00938nam a22002655i 4500
001 176552
003 ES-MaACL
005 20250823102208.0
008 110121s1923 sp a |||| | spa d
080 _a821.134.2-293"19"
100 1 _aRamos Martín, José.
_995332
245 1 4 _aLos gavilanes
_b: zarzuela en tres actos , divididos en cinco cuadros, en prosa /
_coriginal de José Ramos Martín.
250 _a2ª ed.
260 _aMadrid :
_b[s. n.,
_c1923?]
300 _a61 p. ;
_c17 cm.
490 1 _aBiblioteca teatral ;
_v136
500 _aAnteportada ilustrada.
500 _aEn port. : Estrenada en el teatro de la Zarzuela, la noche del 7 de diciembre de 1923.
500 _aEncuadernado con otros títulos.
597 _aEn el lomo: 133-140.
650 0 7 _aZarzuela
_2embne
_9136568
830 0 _aBiblioteca teatral ;
_v136
_9190120
852 _aES-MaACL
_jE-14124 (136)
_xOlim P-302
999 _c176552
_d176552